[Event "Malaga op 13th"]
[Site "Malaga"]
[Date "2010.02.25"]
[Round "7"]
[White "Arribas Lopez, Angel"]
[Black "Picazo Lopez, Juan Antonio"]
[Result "1-0"]
[WhiteElo "2441"]
[BlackElo "2269"]
[PlyCount "47"]
[EventDate "2010.02.20"]
[EventType "swiss"]
[EventRounds "9"]
[EventCountry "ESP"]
[SourceTitle "CBM 135 Extra"]
[Source "ChessBase"]
[SourceDate "2010.05.04"]
[SourceVersion "1"]
[SourceVersionDate "2010.05.04"]
[SourceQuality "1"]

1. e4 d5 2. exd5 Nf6 3. d4 Nxd5 4. Nf3 g6 5. c4 Nb6 6. Nc3 Bg7 7. c5 Nd5 8. Bc4 Nxc3 9. bxc3 0-0 10. 0-0 Nc6 11. Bg5 Na5 12. Bd3 f6 13. Bd2 Be6 14. Qa4 b6 15. c4 Bd7 16. Qa3 Bg4 17. Be4 Rb8 18. Bxa5 bxa5 19. Qxa5 Bxf3 20. Bxf3 Qxd4 21. Rad1 Qf4 22. Rd7 f5 23. Rxe7 Rbe8 24. Qxc7 1-0